Biggest Non-Capital City In Random Countries - Statistics

General Stats
  • This quiz has been taken 25 times
  • The average score is 8 of 20
Answer Stats
Country Population Answer % Correct
Kazakhstan 1,854,656 Almaty
100%
Belgium 529,247 Antwerp
100%
Qatar 272,465 Ar Rayyan
100%
Libya 650,629 Benghazi
100%
South Korea 3,655,437 Busan
100%
Morocco 3,359,818 Casablanca
100%
Sri Lanka 752,993 Colombo
100%
Cameroon 1,338,082 Douala
100%
Albania 113,249 Durres
100%
Somalia 477,876 Hargeysa
100%
Turkey 14,025,646 Istanbul
100%
Saudi Arabia 3,430,697 Jeddah
100%
Pakistan 14,916,456 Karachi
100%
France 1,584,738 Lyon
100%
Venezuela 4,163,670 Maracaibo
100%
Kenya 1,208,333 Mombasa
100%
United States 8,601,186 New York City
100%
Sudan 1,849,659 Omdurman
100%
Bulgaria 338,153 Plovdiv
100%
Portugal 237,559 Porto
100%
Togo 117,811 Sokode
100%
Estonia 93,715 Tartu
100%
Greece 315,196 Thessaloniki
100%
Canada 5,429,524 Toronto
100%
Japan 3,688,773 Yokohama
100%
Nepal 426,759 Pokhara
67%
Latvia 82,604 Daugavpils
50%
Tajikistan 183,600 Khujand
50%
Serbia 341,625 Novi Sad
50%
Sierra Leone 174,354 Bo
33%
Panama 241,817 Colon
33%
Denmark 330,639 Aarhus
0%
Ivory Coast 3,677,115 Abidjan
0%
Kuwait 637,411 Al Ahmadi
0%
Syria 2,132,100 Aleppo
0%
Egypt 5,039,975 Alexandria
0%
Yemen 617,871 Al Hudaydah
0%
Djibouti 55,000 Ali Sabih
0%
Antigua & Barbuda 3,900 All Saints
0%
Seychelles 4,183 Anse Boileau
0%
Peru 1,008,290 Arequipa
0%
Nauru 2,381 Arijejen
0%
Samoa 6,643 Asau
0%
New Zealand 1,470,100 Auckland
0%
Ethiopia 797,794 Bahir Dar
0%
Bosnia & Herzegovina 138,963 Banja Luka
0%
Spain 1,608,746 Barcelona
0%
Iraq 1,225,793 Basra
0%
Equatorial Guinea 173,046 Bata
0%
Georgia 204,156 Batumi
0%
Mauritius 111,355 Beau Bassin-Rose Hill
0%
Belize 61,461 Belize City
0%
Norway 278,121 Bergen
0%
Kiribati 12,509 Betio Village
0%
Central African Republic 129,655 Bimbo
0%
Malta 21,676 Birkirkara
0%
United Kingdom 1,020,589 Birmingham
0%
St. Lucia 12,980 Bisee
0%
North Macedonia 74,550 Bitola
0%
Malawi 584,877 Blantyre
0%
Burkina Faso 360,106 Bobo-Dioulasso
0%
Czech Republic 377,440 Brno
0%
Burundi 331,700 Bujumbura
0%
Zimbabwe 699,385 Bulawayo
0%
Rwanda 89,600 Butare
0%
Guinea 1,871,242 Camayenne
0%
Trinidad & Tobago 67,433 Chaguanas
0%
Bangladesh 2,582,401 Chittagong
0%
Paraguay 222,274 Ciudad del Este
0%
Romania 324,576 Cluj-Napoca
0%
Argentina 3,722,300 Cordoba
0%
Ireland 190,384 Cork
0%
Benin 679,012 Cotonou
0%
Tanzania 4,364,541 Dar Es Salaam
0%
Hungary 201,112 Debrecen
0%
Haiti 382,920 Delmas
0%
United Arab Emirates 3,386,941 Dubai
0%
Marshall Islands 15,000 Ebaye
0%
Mexico 1,655,015 Ecatepec
0%
Mongolia 86,866 Erdenet
0%
Andorra 14,599 Escaldes-Engordany
0%
Luxembourg 33,939 Esch-sur-Alzette
0%
Finland 281,866 Espoo
0%
St. Kitts & Nevis 2,922 Fig Tree
0%
Botswana 98,961 Francistown
0%
Bahamas 28,000 Freeport
0%
Maldives 11,140 Fuvahmulah
0%
Guinea-Bissau 43,556 Gabu
0%
Azerbaijan 328,400 Ganja
0%
Liberia 45,835 Gbarnga
0%
St. Vincent & the Grenadines 1,680 Georgetown
0%
Belarus 489,392 Gomel
0%
Sweden 599,011 Goteborg
0%
Grenada 3,378 Gouyave
0%
Austria 291,072 Graz
0%
Ecuador 2,278,691 Guayaquil
0%
Uganda 146,858 Gulu
0%
Armenia 112,400 Gyumri
0%
Germany 1,787,408 Hamburg
0%
North Korea 768,551 Hamhung
0%
Afghanistan 2,140,700 Herat
0%
Vietnam 8,598,700 Ho Chi Minh City
0%
South Africa 9,167,045 Johannesburg
0%
Lithuania 289,380 Kaunas
0%
Eritrea 74,800 Keren
0%
Ukraine 1,470,902 Kharkiv
0%
Zambia 400,914 Kitwe
0%
Iceland 36,975 Kopavogur
0%
Palau 14,000 Koror
0%
Slovakia 238,593 Kosice
0%
Poland 780,981 Krakow
0%
Brunei 69,992 Kuala Belait
0%
Ghana 1,468,609 Kumasi
0%
Papua New Guinea 76,255 Lae
0%
Nigeria 8,048,430 Lagos
0%
Tonga 8,000 Lapaha
0%
Fiji 52,500 Lautoka
0%
Suriname 18,223 Lelydorp
0%
Nicaragua 201,101 Leon
0%
Cyprus 154,000 Limassol
0%
Guyana 44,690 Linden
0%
Angola 600,751 Lubango
0%
Vanuatu 13,397 Luganville
0%
Lesotho 57,059 Mafeteng
0%
Solomon Islands 10,532 Malango
0%
East Timor 22,000 Maliana
0%
Eswatini 110,537 Manzini
0%
Slovenia 94,876 Maribor
0%
Iran 3,208,000 Mashhad
0%
Mozambique 1,616,267 Matola
0%
D.R. Congo 2,525,000 Mbuji-Mayi
0%
Colombia 2,529,403 Medellin
0%
Italy 1,396,059 Milan
0%
Cape Verde 70,611 Mindelo
0%
Guatemala 384,428 Mixco
0%
Monaco 16,012 Monte-Carlo
0%
Chad 137,929 Moundou
0%
Comoros 23,594 Moutsamoudou
0%
Bahrain 91,307 Muharraq
0%
India 12,442,373 Mumbai
0%
Montenegro 56,970 Niksic
0%
Mauritania 118,167 Nouadhibou
0%
Kyrgyzstan 200,000 Osh
0%
Laos 88,332 Pakse
0%
Bhutan 27,658 Phuntsholing
0%
Senegal 874,062 Pikine
0%
R. Congo 715,334 Pointe-Noire
0%
Gabon 109,163 Port-Gentil
0%
Dominica 3,633 Portsmouth
0%
Kosovo 177,781 Prizren
0%
Costa Rica 63,081 Puerto Limon
0%
Philippines 2,936,116 Quezon City
0%
Netherlands 650,711 Rotterdam
0%
Uruguay 104,028 Salto
0%
Uzbekistan 509,000 Samarqand
0%
Thailand 388,920 Samut Prakan
0%
Sao Tome & Principe 1,156 San Antonio
0%
Honduras 598,519 San Pedro Sula
0%
Bolivia 1,441,406 Santa Cruz de la Sierra
0%
Cuba 433,099 Santiago de Cuba
0%
Dominican Republic 1,329,091 Santiago de los caballeros
0%
Brazil 12,325,232 Sao Paulo
0%
Tuvalu 586 Savave Village
0%
Liechtenstein 5,748 Schaan
0%
Malaysia 818,197 Seberang Perai
0%
Oman 237,816 Seeb
0%
San Marino 10,976 Serravalle
0%
Gambia 340,000 Serrekunda
0%
Tunisia 330,440 Sfax
0%
China 20,217,748 Shanghai
0%
Mali 144,786 Sikasso
0%
El Salvador 329,708 Soyapango
0%
Jamaica 145,018 Spanish Town
0%
Barbados 2,604 Speightstown
0%
Croatia 178,102 Split
0%
Russia 5,398,064 St. Petersburg
0%
Indonesia 2,847,480 Surabaya
0%
Australia 4,914,343 Sydney
0%
Taiwan 2,809,004 Taichung
0%
Cambodia 843,931 Takeo
0%
Israel 460,613 Tel Aviv
0%
Moldova 129,500 Tiraspol
0%
Madagascar 206,373 Toamasina
0%
Lebanon 730,000 Tripoli
0%
Turkmenistan 279,765 Turkmenabat
0%
Chile 286,931 Valparaiso
0%
Algeria 803,329 Wahran
0%
Namibia 62,096 Walvis Bay
0%
South Sudan 300,000 Wanyjok
0%
F.S. Micronesia 13,856 Weno
0%
Myanmar 5,211,431 Yangon
0%
Jordan 635,160 Zarqa
0%
Niger 191,424 Zinder
0%
Switzerland 420,217 Zurich
0%
No matching quizzes found
Score Distribution
Percent of People with Each Score
Percentile by Number Answered
Your Score History
You have not taken this quiz